000 01264nam a22003617a 4500
001 0040255
003 KOHA_MİRAKIL
005 20260207003156.0
007 ta
008 130509b2012 tu a|||gro|||#1|||0|tur |
020 _a9789755072593
040 _aTR-BiSEU
_btur
_cTR-BiSEU
_erda
041 0 _atur
044 _ctu
050 _aLB2371.6
_b.L57 2012
111 2 _aLisansüstü Eğitim Sempozyumu (5. : 2011: Ankara,Turkey)
_974674
245 1 _aV. Lisansüstü Eğitim Sempozyumu :
_b bildiriler 7-8 Ekim 2011, Gazi Üniversitesi/
_cdüzenleme kurulu başkanı Nezahat Güçlü.
250 _a1st ed.
264 1 _aAnkara :
_bGazi Üniversitesi
_c2012
300 _a493 sayfa :
_bresimli; 24 cm.
336 _ametin
_btxt
_2rdacontent
337 _aaracısız
_bn
_2rdamedia
338 _acilt
_bnc
_2rdacarrier
490 0 _aGazi Üniversitesi.
490 0 _a Eğitim Bilimleri Enstitüsü yayınları
500 _aKaynakça var.
650 0 _aUniversities and colleges--Graduate work--Congresses.
_974675
650 0 _aUniversities and colleges--Turkey--Graduate work--Congresses.
_974676
830 0 _aGazi Üniversitesi.
_943899
830 0 _a Eğitim Bilimleri Enstitüsü yayınları
_974677
907 _aSempozyum
942 _2lcc
_cBK
999 _c40132
_d40132